[Event "CRI-ch sf (Women)"]
[Site "San Jose"]
[Date "2018.11.25"]
[Round "5"]
[White "Morera Campos, Yanori Maria"]
[Black "Nunez Gonzalez, Neeshmy"]
[Result "1-0"]
[WhiteElo "1915"]
[BlackElo "1825"]
[PlyCount "63"]
[EventDate "2018.11.17"]
[EventType "swiss"]
[EventRounds "7"]
[EventCountry "CRI"]
[SourceTitle "CBM 187 Extra"]
[Source "ChessBase"]
[SourceDate "2018.11.04"]
[SourceVersion "1"]
[SourceVersionDate "2018.11.04"]
[SourceQuality "1"]

1. d4 d6 2. e4 g6 3. Nc3 Bg7 4. Bg5 a6 5. Qd2 Nd7 6. f4 b5 7. Nf3 Nb6 8. b3 b4 9. Ne2 a5 10. Ng3 Bb7 11. Bd3 Nf6 12. 0-0 Nfd7 13. e5 h6 14. Bh4 dxe5 15. fxe5 Bxf3 16. Rxf3 Nxe5 17. dxe5 Qd4+ 18. Kh1 Qxa1+ 19. Rf1 Qb2 20. Bb5+ Kf8 21. Qf4 f6 22. exf6 exf6 23. Ne2 g5 24. Qxc7 gxh4 25. Qd6+ Kf7 26. Qc7+ Kg8 27. Qxb6 Qe5 28. Bc4+ Kh7 29. Bd3+ Kg8 30. Qc6 Rd8 31. Nf4 Rd6 32. Qc4+ 1-0

[Event "CRI-ch sf (Women)"]
[Site "San Jose"]
[Date "2018.11.18"]
[Round "3"]
[White "Nunez Gonzalez, Neeshmy"]
[Black "Shih Gould, Annie"]
[Result "1/2-1/2"]
[WhiteElo "1825"]
[BlackElo "1650"]
[PlyCount "46"]
[EventDate "2018.11.17"]
[EventType "swiss"]
[EventRounds "7"]
[EventCountry "CRI"]
[SourceTitle "CBM 187 Extra"]
[Source "ChessBase"]
[SourceDate "2018.11.04"]
[SourceVersion "1"]
[SourceVersionDate "2018.11.04"]
[SourceQuality "1"]

1. d4 Nf6 2. Nf3 d6 3. Bf4 g6 4. c4 Bg7 5. Nc3 0-0 6. e3 Nbd7 7. Be2 b6 8. h3 Bb7 9. Qc2 Re8 10. 0-0 e5 11. dxe5 dxe5 12. Bg5 c6 13. Ne4 Qc7 14. Nxf6+ Nxf6 15. Bxf6 Bxf6 16. e4 a5 17. Rfd1 Rad8 18. Rxd8 Rxd8 19. Rd1 Rxd1+ 20. Qxd1 Be7 21. Qc2 f6 22. Bd3 Kg7 23. Nh2 Bc8 1/2-1/2

[Event "San Jose subzonal (Women) 2.3.c"]
[Site "San Jose"]
[Date "2018.03.27"]
[Round "5"]
[White "Nunez Gonzalez, Neeshmy"]
[Black "Salazar Gould, Melannie"]
[Result "1-0"]
[WhiteElo "1836"]
[BlackElo "1774"]
[PlyCount "63"]
[EventDate "2018.03.25"]
[EventType "swiss"]
[EventRounds "9"]
[EventCountry "CRI"]
[SourceTitle "EXT 2019"]
[Source "ChessBase"]
[SourceDate "2018.10.10"]
[SourceVersion "1"]
[SourceVersionDate "2018.10.10"]
[SourceQuality "1"]

1. d4 e6 2. Nf3 d5 3. c4 f5 4. Nc3 c6 5. Bf4 Nf6 6. e3 Bd6 7. Bxd6 Qxd6 8. Ne5 Nbd7 9. f4 0-0 10. Bd3 Ne4 11. 0-0 Rf6 12. g4 Rf8 13. Qc2 Nxc3 14. bxc3 Nf6 15. h3 g6 16. Rf2 Ne4 17. Bxe4 dxe4 18. c5 Qc7 19. Qa4 Bd7 20. Rb1 b6 21. cxb6 axb6 22. Qb4 b5 23. Qe7 Ra7 24. Rfb2 Bc8 25. Qc5 Bd7 26. c4 bxc4 27. Qxc4 Rfa8 28. Qc5 Be8 29. Qc4 Bd7 30. gxf5 gxf5 31. Rg2+ Kf8 32. Qc5+ 1-0

[Event "San Jose subzonal (Women) 2.3.c"]
[Site "San Jose"]
[Date "2018.03.26"]
[Round "4"]
[White "Morera Campos, Yanori Maria"]
[Black "Nunez Gonzalez, Neeshmy"]
[Result "1/2-1/2"]
[WhiteElo "1940"]
[BlackElo "1836"]
[PlyCount "84"]
[EventDate "2018.03.25"]
[EventType "swiss"]
[EventRounds "9"]
[EventCountry "CRI"]
[SourceTitle "EXT 2019"]
[Source "ChessBase"]
[SourceDate "2018.10.10"]
[SourceVersion "1"]
[SourceVersionDate "2018.10.10"]
[SourceQuality "1"]

1. e4 g6 2. d4 c6 3. Nc3 d5 4. e5 Bg7 5. f4 h5 6. Bd3 Nh6 7. Nf3 Bg4 8. h3 Bxf3 9. Qxf3 e6 10. Be3 h4 11. 0-0-0 b5 12. g4 hxg3 13. Qxg3 Qe7 14. h4 Qf8 15. Rdg1 Na6 16. Bxg6 fxg6 17. Qxg6+ Qf7 18. Qxg7 Qxg7 19. Rxg7 Nf5 20. Rhg1 Nxg7 21. Rxg7 Rf8 22. Ne2 Rf7 23. Rg8+ Rf8 24. Rg7 Rf7 25. Rg6 Nc7 26. Ng3 Kd7 27. Nh5 Raf8 28. Nf6+ Kc8 29. Kd2 Ne8 30. Nxe8 Rxe8 31. Ke2 Kd7 32. Kf3 Rf5 33. Kg4 Ref8 34. h5 R8f7 35. h6 Ke7 36. Rg8 Rh7 37. Ra8 Rxh6 38. Rxa7+ Kd8 39. Ra8+ Kd7 40. Ra7+ Kd8 41. Ra8+ Kd7 42. Ra7+ Kd8 1/2-1/2

[Event "San Jose subzonal (Women) 2.3.c"]
[Site "San Jose"]
[Date "2018.03.25"]
[Round "1"]
[White "Ramirez Almeciga, Yenny Melissa"]
[Black "Nunez Gonzalez, Neeshmy"]
[Result "1-0"]
[WhiteElo "1646"]
[BlackElo "1836"]
[PlyCount "139"]
[EventDate "2018.03.25"]
[EventType "swiss"]
[EventRounds "9"]
[EventCountry "CRI"]
[SourceTitle "EXT 2019"]
[Source "ChessBase"]
[SourceDate "2018.10.10"]
[SourceVersion "1"]
[SourceVersionDate "2018.10.10"]
[SourceQuality "1"]

1. d4 d6 2. Nf3 Nf6 3. e3 g6 4. b3 Bg7 5. Bb2 0-0 6. Be2 Nbd7 7. 0-0 Qe8 8. c4 e5 9. dxe5 dxe5 10. Nc3 Qe7 11. Qc2 a6 12. e4 c6 13. a4 Re8 14. Ba3 Qd8 15. Rfd1 Bf8 16. Bxf8 Kxf8 17. a5 Qe7 18. Qd2 Nc5 19. Qc2 Bg4 20. Rd2 Ne6 21. h3 Bxf3 22. Bxf3 Nd4 23. Qd1 Qb4 24. Ne2 Nxf3+ 25. gxf3 Qe7 26. Qc2 Red8 27. Rad1 h5 28. Qc3 Rxd2 29. Qxd2 Kg7 30. Qd6 Re8 31. Qxe7 Rxe7 32. c5 Rd7 33. Rxd7 Nxd7 34. b4 f5 35. Nc1 Kf7 36. Nd3 Ke6 37. Kg2 Nf6 38. exf5+ gxf5 39. Kg3 e4 40. fxe4 fxe4 41. Nf4+ Kf5 42. Ne2 Nd5 43. Nd4+ Kg5 44. h4+ Kf6 45. Nc2 Ke5 46. f3 e3 47. f4+ Ke4 48. f5 Kxf5 49. Kf3 e2 50. Nd4+ Ke5 51. Nxe2 Nxb4 52. Nf4 Kf5 53. Nxh5 Nd3 54. Ng3+ Kg6 55. Ne4 Ne5+ 56. Ke3 Nc4+ 57. Kd4 Na3 58. Nd6 Nb5+ 59. Ke5 Kh5 60. Nxb7 Kxh4 61. Nd8 Kg5 62. Nxc6 Kg6 63. Nb8 Na3 64. Kd5 Kf6 65. c6 Nb5 66. Kc5 Nc7 67. Kb6 Nd5+ 68. Kxa6 Ke6 69. Kb7 Kd6 70. a6 1-0

[Event "Olympiad Women-42"]
[Site "Baku"]
[Date "2016.09.10"]
[Round "8.3"]
[White "Wafa, Shahenda"]
[Black "Nunez Gonzalez, Neeshmy"]
[Result "1/2-1/2"]
[WhiteElo "2113"]
[BlackElo "1833"]
[PlyCount "60"]
[EventDate "2016.09.02"]
[EventType "team-swiss"]
[EventRounds "11"]
[EventCountry "AZE"]
[SourceTitle "CBM 174 Extra"]
[Source "ChessBase"]
[SourceDate "2016.10.10"]
[SourceVersion "1"]
[SourceVersionDate "2016.10.10"]
[SourceQuality "1"]
[WhiteTeam "Egypt (W)"]
[BlackTeam "Costa Rica (W)"]
[WhiteTeamCountry "EGY"]
[BlackTeamCountry "CRI"]

1. e4 d5 2. exd5 Qxd5 3. Nc3 Qa5 4. d4 Nf6 5. Nf3 Bf5 6. Bd3 Bxd3 7. Qxd3 e6 8. 0-0 c6 9. Ne5 Nbd7 10. Nxd7 Kxd7 11. Bf4 Rd8 12. a3 Qf5 13. Qxf5 exf5 14. Rad1 Nd5 15. Nxd5 cxd5 16. Rfe1 f6 17. h4 Be7 18. Rd3 Rhe8 19. Kf1 Bf8 20. f3 Rc8 21. c3 Rxe1+ 22. Kxe1 Re8+ 23. Kf2 Re6 24. Re3 Be7 25. Rxe6 Kxe6 26. Ke2 h5 27. Kd3 b5 28. Bb8 a6 29. Bf4 g5 30. Bc1 Bd8 1/2-1/2

[Event "Olympiad Women-42"]
[Site "Baku"]
[Date "2016.09.08"]
[Round "6.4"]
[White "Nunez Gonzalez, Neeshmy"]
[Black "Espinosa Cancino, Monica"]
[Result "1-0"]
[WhiteElo "1833"]
[BlackElo "1679"]
[PlyCount "145"]
[EventDate "2016.09.02"]
[EventType "team-swiss"]
[EventRounds "11"]
[EventCountry "AZE"]
[SourceTitle "CBM 174 Extra"]
[Source "ChessBase"]
[SourceDate "2016.10.10"]
[SourceVersion "1"]
[SourceVersionDate "2016.10.10"]
[SourceQuality "1"]
[WhiteTeam "Costa Rica (W)"]
[BlackTeam "Scotland (W)"]
[WhiteTeamCountry "CRI"]
[BlackTeamCountry "SCO"]

1. d4 d5 2. Nf3 Nf6 3. e3 c6 4. Bd3 e6 5. Nbd2 Be7 6. 0-0 0-0 7. c3 Nbd7 8. Re1 b6 9. e4 dxe4 10. Nxe4 Bb7 11. Qe2 h6 12. Ng3 Re8 13. Ne5 Bd6 14. Bc2 Qc7 15. Nc4 c5 16. Nxd6 Qxd6 17. dxc5 Nxc5 18. Be3 Qc6 19. f3 Ba6 20. c4 Nb7 21. b3 Rac8 22. Ne4 Nd7 23. Rad1 Re7 24. Rd2 b5 25. cxb5 Bxb5 26. Qf2 f5 27. Ng3 a5 28. Bxh6 g6 29. Bg5 Rh7 30. Qe3 Kf7 31. Nxf5 gxf5 32. Red1 Nf6 33. Qd4 Ne8 34. Be3 Rg7 35. a4 Ba6 36. Bh6 Rh7 37. Be3 Nf6 38. Bg5 Ne8 39. Be3 Qc7 40. Bf4 Qc6 41. Qf2 Nf6 42. Be5 Qc5 43. Bd4 Qc7 44. g3 Rch8 45. Bb6 Qc6 46. Qe3 Nd5 47. Rxd5 exd5 48. Re1 Re8 49. Qxe8+ Qxe8 50. Rxe8 Kxe8 51. Bxf5 Be2 52. Bxh7 Bd1 53. Bd3 Bxb3 54. Bb5+ Kf7 55. h4 Ke6 56. g4 Ke5 57. Bc6 Nd6 58. Bxa5 d4 59. Kf2 d3 60. Bc3+ Kf4 61. Bd2+ Ke5 62. Ke3 Bc4 63. f4+ Kf6 64. Be4 Bb3 65. Bc3+ Kf7 66. Bxd3 Bxa4 67. h5 Ne8 68. h6 Nf6 69. g5 Nd5+ 70. Kd2 Nxc3 71. Kxc3 Bd7 72. g6+ Kg8 73. Bc4+ 1-0

[Event "CRI-ch (Women)"]
[Site "San Jose"]
[Date "2016.06.19"]
[Round "7"]
[White "Nunez Gonzalez, Neeshmy"]
[Black "Marin Leon, Valeria"]
[Result "1-0"]
[WhiteElo "1847"]
[BlackElo "1522"]
[PlyCount "137"]
[EventDate "2016.06.11"]
[EventType "tourn"]
[EventRounds "7"]
[EventCountry "CRI"]
[SourceTitle "CBM 173 Extra"]
[Source "ChessBase"]
[SourceDate "2016.08.29"]
[SourceVersion "1"]
[SourceVersionDate "2016.08.29"]
[SourceQuality "1"]

1. d4 d5 2. Nf3 e6 3. c3 Nf6 4. Bg5 Be7 5. e3 Nbd7 6. Bd3 b6 7. 0-0 0-0 8. Nbd2 Bb7 9. Qb1 c5 10. h3 Rc8 11. Ne5 h6 12. Nxd7 Qxd7 13. Bxf6 Bxf6 14. f4 Bc6 15. Nf3 Bb5 16. g4 Bxd3 17. Qxd3 Qe7 18. a4 c4 19. Qe2 a5 20. e4 dxe4 21. Qxe4 Qd6 22. Kg2 Qc6 23. Rfe1 Qxe4 24. Rxe4 g6 25. Ne5 Bxe5 26. Rxe5 Rfd8 27. Rae1 Kf8 28. Rb5 Rc6 29. Kf3 Rd5 30. Re5 Rxb5 31. Rxb5 Ke7 32. f5 Kf6 33. Ke4 Rd6 34. h4 g5 35. hxg5+ hxg5 36. Re5 Rc6 37. d5 exd5+ 38. Rxd5 Ke7 39. Re5+ Kf6 40. Kd4 Rd6+ 41. Rd5 Rc6 42. Rb5 Ke7 43. Kd5 Kd7 44. Kd4 f6 45. Rd5+ Ke7 46. Ke4 Ke8 47. Rd4 Rc5 48. Rd6 Ke7 49. Rxb6 Re5+ 50. Kd4 Re1 51. Kxc4 Re4+ 52. Kd5 Rxg4 53. Rb7+ Ke8 54. Ke6 Re4+ 55. Kxf6 g4 56. Rg7 Rxa4 57. Ke5 Ra2 58. Ke6 Kf8 59. Rb7 Ra1 60. Rb8+ Kg7 61. f6+ Kg6 62. Rg8+ Kh7 63. Rxg4 Re1+ 64. Kf7 Kh6 65. Kf8 Kh5 66. Rg2 Kh6 67. f7 Re4 68. Kg8 Rf4 69. f8Q+ 1-0

[Event "CRI-ch (Women)"]
[Site "San Jose"]
[Date "2016.06.12"]
[Round "2"]
[White "Castillo Morales, Thais"]
[Black "Nunez Gonzalez, Neeshmy"]
[Result "1/2-1/2"]
[WhiteElo "1794"]
[BlackElo "1847"]
[PlyCount "106"]
[EventDate "2016.06.11"]
[EventType "tourn"]
[EventRounds "7"]
[EventCountry "CRI"]
[SourceTitle "CBM 173 Extra"]
[Source "ChessBase"]
[SourceDate "2016.08.29"]
[SourceVersion "1"]
[SourceVersionDate "2016.08.29"]
[SourceQuality "1"]

1. c4 c5 2. Nf3 Nf6 3. d4 cxd4 4. Nxd4 Nc6 5. Nc3 Qb6 6. Nc2 g6 7. e4 Bg7 8. Be2 d6 9. 0-0 0-0 10. Rb1 Qd8 11. Be3 Ne5 12. f3 b6 13. Qd2 Bb7 14. Rfc1 Rc8 15. b3 Nc6 16. Bf1 Ne5 17. a4 h5 18. h3 Ra8 19. Qf2 Nfd7 20. Nd4 Nc5 21. Qd2 Nc6 22. Nxc6 Bxc6 23. Na2 Ne6 24. Nb4 Bb7 25. Rc2 Nc5 26. Nd3 Bc6 27. Nb4 Bb7 28. Nd5 Ne6 29. Qf2 Rc8 30. b4 Nc7 31. Nxc7 Rxc7 32. a5 bxa5 33. Bxa7 Qa8 34. Bb6 Rc6 35. Ra2 a4 36. b5 Rcc8 37. Rb4 a3 38. Bd4 Qa5 39. Rb3 Bxd4 40. Qxd4 Qc7 41. Rbxa3 Ra8 42. Rxa8 Rxa8 43. Rxa8+ Bxa8 44. Kf2 e5 45. Qe3 Kf8 46. Qa3 Qc5+ 47. Qxc5 dxc5 48. g4 hxg4 49. hxg4 g5 50. Ke3 Ke7 51. Kd3 Kd6 52. Kc3 Kc7 53. Kb3 Kb6 1/2-1/2

[Event "CRI-ch (Women)"]
[Site "San Jose"]
[Date "2015.09.02"]
[Round "7"]
[White "Nunez Gonzalez, Neeshmy"]
[Black "Rodriguez Arrieta, Maria Elena"]
[Result "1/2-1/2"]
[WhiteElo "1804"]
[BlackElo "1923"]
[PlyCount "48"]
[EventDate "2015.08.26"]
[EventType "tourn"]
[EventRounds "9"]
[EventCountry "CRI"]
[SourceTitle "EXT 2016"]
[Source "ChessBase"]
[SourceDate "2015.10.08"]
[SourceVersion "1"]
[SourceVersionDate "2015.10.08"]
[SourceQuality "1"]

1. d4 Nf6 2. c4 c5 3. e3 cxd4 4. Qxd4 Nc6 5. Qd1 e6 6. Nc3 Be7 7. Nf3 0-0 8. Be2 Qc7 9. 0-0 Rd8 10. a3 d5 11. Qc2 a6 12. cxd5 Nxd5 13. Nxd5 Rxd5 14. b4 Rd8 15. Bb2 Bd7 16. Rac1 Qb6 17. Rfd1 Rac8 18. Qe4 Be8 19. Bd3 g6 20. h4 Rd5 21. Bd4 Qd8 22. Bc4 Rd7 23. Bd3 Rd5 24. Bb2 Nb8 1/2-1/2

[Event "CRI-ch (Women)"]
[Site "San Jose"]
[Date "2015.08.29"]
[Round "3"]
[White "Acevedo Mendez, Lisseth"]
[Black "Nunez Gonzalez, Neeshmy"]
[Result "1/2-1/2"]
[WhiteElo "1850"]
[BlackElo "1804"]
[PlyCount "40"]
[EventDate "2015.08.26"]
[EventType "tourn"]
[EventRounds "9"]
[EventCountry "CRI"]
[SourceTitle "EXT 2016"]
[Source "ChessBase"]
[SourceDate "2015.10.08"]
[SourceVersion "1"]
[SourceVersionDate "2015.10.08"]
[SourceQuality "1"]

1. e4 c5 2. Nf3 d6 3. Bb5+ Bd7 4. Bxd7+ Nxd7 5. 0-0 Ngf6 6. Qe2 g6 7. c3 Bg7 8. d4 e6 9. Bf4 d5 10. exd5 Nxd5 11. Bg5 Qb6 12. Na3 0-0 13. Ne5 Nxe5 14. dxe5 h6 15. Bc1 Qc7 16. Re1 a6 17. Nc4 b5 18. Nd6 c4 19. Bd2 Rad8 20. f4 Nb6 1/2-1/2

[Event "Panama op 3rd"]
[Site "Panama City"]
[Date "2013.10.31"]
[Round "2"]
[White "Nunez Gonzalez, Neeshmy"]
[Black "Fiora, Emilio"]
[Result "1/2-1/2"]
[WhiteElo "1786"]
[BlackElo "2030"]
[PlyCount "88"]
[EventDate "2013.10.30"]
[EventType "swiss"]
[EventRounds "9"]
[EventCountry "PAN"]
[SourceTitle "EXT 2014"]
[Source "ChessBase"]
[SourceDate "2013.11.20"]
[SourceVersion "1"]
[SourceVersionDate "2013.11.20"]
[SourceQuality "1"]

1. d4 d5 2. Bg5 c6 3. e3 Qb6 4. b3 Bf5 5. Nf3 e6 6. Bd3 Bxd3 7. Qxd3 Nd7 8. 0-0 Ngf6 9. c4 Ne4 10. Bf4 Be7 11. Nbd2 f5 12. Ne5 Nxe5 13. Bxe5 Nxd2 14. Qxd2 0-0 15. c5 Qd8 16. b4 Qd7 17. a4 Bd8 18. Rfb1 Bc7 19. Bxc7 Qxc7 20. f4 g5 21. g3 g4 22. b5 h5 23. b6 Qe7 24. bxa7 Rxa7 25. a5 h4 26. a6 Rfa8 27. axb7 Rxa1 28. bxa8Q+ Rxa8 29. Qb2 hxg3 30. hxg3 Qa7 31. Qb6 Qa3 32. Qb3 Qa5 33. Qb4 Qa2 34. Rb2 Qa6 35. Qb3 Ra7 36. Qb8+ Kf7 37. Qb6 Qa3 38. Qb3 Qa1+ 39. Rb1 Qa5 40. Qb6 Qa3 41. Qb3 Kf6 42. Qxa3 Rxa3 43. Kf2 Ra2+ 44. Kf1 Ke7 1/2-1/2

[Event "Olympiad Women-40"]
[Site "Istanbul"]
[Date "2012.09.04"]
[Round "7.4"]
[White "Hansen, Erle Andrea Marki"]
[Black "Nunez Gonzalez, Neeshmy"]
[Result "0-1"]
[WhiteElo "1861"]
[BlackElo "1828"]
[PlyCount "70"]
[EventDate "2012.08.28"]
[EventType "team-swiss"]
[EventRounds "11"]
[EventCountry "TUR"]
[SourceTitle "CBM 150 Extra"]
[Source "ChessBase"]
[SourceDate "2012.10.19"]
[SourceVersion "1"]
[SourceVersionDate "2012.10.19"]
[SourceQuality "1"]
[WhiteTeam "Norway (W)"]
[BlackTeam "Costa Rica (W)"]
[WhiteTeamCountry "NOR"]
[BlackTeamCountry "CRI"]

1. Nf3 c5 2. g3 Nc6 3. d4 Nf6 4. Bg2 cxd4 5. Nxd4 g6 6. b3 Bg7 7. Bb2 Qb6 8. 0-0 0-0 9. c4 d6 10. e3 a5 11. Nc3 Bd7 12. Rc1 a4 13. Ndb5 axb3 14. axb3 Rfc8 15. Ra1 Rxa1 16. Qxa1 Qa6 17. Na4 Na5 18. Nbc3 Nxb3 19. Qa3 Nd2 20. Ra1 Nxc4 21. Qb4 Nxb2 22. Qxb2 Qc4 23. Qb6 Bc6 24. Bf1 Qg4 25. Be2 Qh3 26. Bf1 Qh5 27. Be2 Ng4 28. h4 Qf5 29. Rf1 Ne5 30. e4 Qh3 31. Qb4 Bxa4 32. Nxa4 Rc2 33. Bd1 Rc1 34. Qb3 Ng4 35. Re1 Qh2+ 0-1

[Event "Olympiad Women-40"]
[Site "Istanbul"]
[Date "2012.08.29"]
[Round "2.4"]
[White "Nunez Gonzalez, Neeshmy"]
[Black "Matoussi, Amina"]
[Result "1-0"]
[WhiteElo "1828"]
[BlackElo "1789"]
[PlyCount "55"]
[EventDate "2012.08.28"]
[EventType "team-swiss"]
[EventRounds "11"]
[EventCountry "TUR"]
[SourceTitle "CBM 150 Extra"]
[Source "ChessBase"]
[SourceDate "2012.10.19"]
[SourceVersion "1"]
[SourceVersionDate "2012.10.19"]
[SourceQuality "1"]
[WhiteTeam "Costa Rica (W)"]
[BlackTeam "Tunisia (W)"]
[WhiteTeamCountry "CRI"]
[BlackTeamCountry "TUN"]

1. d4 d5 2. Bg5 Nf6 3. Nf3 e6 4. e3 Nbd7 5. Bd3 Be7 6. Nbd2 0-0 7. 0-0 c5 8. c3 b6 9. Ne5 Bb7 10. f4 cxd4 11. exd4 Ne4 12. Bxe7 Qxe7 13. Nxd7 Qxd7 14. Qe2 Nd6 15. Rf3 g6 16. Rh3 f6 17. Qg4 Rae8 18. Rg3 Ne4 19. Nxe4 dxe4 20. Bc4 f5 21. Qg5 b5 22. Be2 Rf7 23. h4 b4 24. h5 bxc3 25. bxc3 Rg7 26. Qh6 gxh5 27. Bb5 Rxg3 28. Bxd7 1-0